LIBRARY & INFORMATION CENTRE, KCAET, TAVANUR

ONLINE PUBLIC ACCESS CATALOGUE (OPAC)

Crop Diseases | Identification,Treatment, And Management ,An Illustrated Handbook (Record no. 17418)

MARC details
000 -LEADER
fixed length control field 00481nam a22001577a 4500
003 - CONTROL NUMBER IDENTIFIER
control field OSt
008 - FIXED-LENGTH DATA ELEMENTS--GENERAL INFORMATION
fixed length control field 210914b ||||| |||| 00| 0 eng d
020 ## - INTERNATIONAL STANDARD BOOK NUMBER
ISBN 9789380235462
082 ## - DEWEY DECIMAL CLASSIFICATION NUMBER
Classification number 632.3
Item number HEN/CR
100 ## - MAIN ENTRY--AUTHOR NAME
Personal name Henry, L,Darwin Christdhas
100 ## - MAIN ENTRY--AUTHOR NAME
Personal name Devasahayam,H. Lewin
245 ## - TITLE STATEMENT
Title Crop Diseases
Remainder of title Identification,Treatment, And Management ,An Illustrated Handbook
260 ## - PUBLICATION, DISTRIBUTION, ETC. (IMPRINT)
Place of publication New Delhi
Name of publisher New India Publishing Agency
Year of publication 2011
300 ## - PHYSICAL DESCRIPTION
Number of Pages 619 Pages
942 ## - ADDED ENTRY ELEMENTS (KOHA)
Koha item type Books
Holdings
Withdrawn status Lost status Damaged status Home library Current library Shelving location Date acquired Cost, normal purchase price Full call number Accession Number Koha item type
      KAUAET KAUAET NAHEP-CAAST Project 07/09/2021 3250.00 632.3 HEN/CR 26010 Books
free website counter